00501 a2200157 4500001000700000003000400007005001700011008004100028082001900069245012100088260003900209300001000248700002500258700002600283700003400309131570OSt20210915110405.0  a658.4038bK76K1 aKnowledge management : classic and contemporary workscedited by Daryl Morey, Mark Maybury and Bhavani Thuraisingham aHydrabadbUniversities pressc2009 a435p. aMorey, DaryleEditor aMaybury, MarkeEditor1 aBhavani ThuraisinghameEditor